000 00458nam a2200121Ia 4500
008 160712s9999 xx 000 0 und d
100 _aConcepcion, Grace Liza Y.
245 _cGrace Liza Y. Concepcion
_aDisciplinary Cases of Filipino Teachers in the Late 19th Century
260 _c2014
_bSocial Science Diliman
300 _avol. 10 no. 1
650 _xEDUCATION
856 _uhttp://journals.upd.edu.ph/index.php/socialsciencediliman/issue/view/431/showToc
999 _c297153
_d297153